000 01072nam a2200301Ia 4500
001 Para_9235
003 CHAP
008 220125s2006 xx 000 0 und d
010 _a207974
040 _cCHAP
090 _aTESIS 2032
100 _aMéndez López, César Augusto
_976523
245 _aTolerancia del tomate de cáscara (Physalis ixocarpa Brot.) en transplante al herbicida 2,4-D en Chapingo, México /
_c por César Augusto Méndez López
260 _aChapingo, Méx. :
_b el autor
300 _a79 h.
502 _aTesis (Ing. Agr. Esp. en Parasitología Agrícola) -- UACh. Departamento Parasitología Agrícola
650 _aHerbicidas
_x toxicidad
_953700
650 _aTomate verde
_x malas hierbas
_xcontrol
_9113824
650 _aTomate verde
_x resistencia a herbicidas
_9174416
710 _aUACh. Departamento Parasitología Agrícola
_9164025
901 _aTESIS 2032
902 _aM
905 _a0000002006 mn 0000000000 00
910 _a2006
942 _cPARA
942 _cPARA
_d2
999 _c207974
_d207974